| 000 | 00630nam a22001937a 4500 | ||
|---|---|---|---|
| 005 | 20130725124952.0 | ||
| 010 | _aENG-108127 | ||
| 020 | _c400.00 | ||
| 035 | _aEN-91660 | ||
| 037 | _bDBAD/PUB | ||
| 100 | _aMohammed Abdullah | ||
| 245 |
_aBangladeshe Farsi shahhittya in 19th century : _b(the persian literature in Bangladesh) / _cby Mohammed Abdullah; translated by Mohammed Alimuddin |
||
| 260 |
_aKolkata _bSarfaraz Printing House _c2010 |
||
| 270 |
_aS.N. Banerjee Road _bKolkata |
||
| 300 |
_aiii,234p. _c28cm(Hb) |
||
| 500 | _aIncludes bibliographical references | ||
| 700 | _aMohammed Alimuddin | ||
| 942 |
_2ddc _cEN _mABD |
||
| 999 |
_c77975 _d77975 |
||